| 000 | 00844nam a2200229Ii 4500 | ||
|---|---|---|---|
| 003 | JO-AjNU | ||
| 008 | 230605s9999||||xx |||||||||||||| ||und|| | ||
| 017 | _a2021/6/3245 | ||
| 020 | _a978-9957-94-641-8 | ||
| 040 |
_aJO-AjNU _bara _erda _cJO-AjNU |
||
| 041 | _aara | ||
| 050 | 1 | 4 | _aJQ1833.A63.K432 2021 |
| 100 | 3 |
_aالخماش، نبال تيسير, _eauthor _963641 |
|
| 245 | 0 | 0 | _aالوزرات الأردنية(1921-2021) |
| 250 | _aط1 | ||
| 264 | 3 | 1 | _aعمان:وزارة الثقافه،2021 |
| 300 |
_a396ص _bاصدارات مئوية الدولة الاردنية 2021 |
||
| 336 |
_atext _btxt _2rdacontent |
||
| 337 |
_aunmediated _bn _2rdamedia |
||
| 338 |
_avolume _bnc _2rdacarrier |
||
| 650 | 4 |
_aالحكومة-رؤساء الوزرات-المجالس الوزارية -السلطة التنفيذية-الأردن _963642 |
|
| 999 |
_aA28879 _c32447 _d32447 |
||